| 000 | 00651cam a2200265 4500 | ||
|---|---|---|---|
| 008 | 000000n2000 000 0 eng u | ||
| 020 | _a0333912977 | ||
| 035 | _a(Sirsi) u108336 | ||
| 041 | _aeng | ||
| 050 | _a333.337 | ||
| 100 | _aHarvey, Jack | ||
| 245 | _aUrban land economics | ||
| 250 | _a5th edition | ||
| 260 |
_aBasingstoke _bMacMillan _c2000 |
||
| 300 | _axii, 436p. ; 24cm. | ||
| 350 | _a21.99 | ||
| 650 | _aDEVELOPMENT | ||
| 650 |
_aLand use _96251 |
||
| 650 | _aPROPERTY DEVELOPMENT | ||
| 650 | _aPROPERTY FINANCE | ||
| 650 | _aPROPERTY | ||
| 650 | _aURBAN AREAS | ||
| 690 | _aPROPERTY LAW AND PRACTICE | ||
| 942 | _n0 | ||
| 999 |
_c100775 _d100775 |
||